Shaharom Husain : gapura sastera Johor

Bibliographic Details
Corporate Author: Yayasan Warisan Johor
Other Authors: Talib Samat (Editor)
Format: Book
Published: Johor : Yayasan Warisan Johor , 2003
Subjects:

MARC

LEADER 00000cam a2200000 7i4500
001 0000020221
005 20250612085921.0
008 080624
020 |a 9832440017 
090 0 0 |a 928.9923   |b SHA 
245 1 0 |a Shaharom Husain :   |b gapura sastera Johor 
260 |a Johor :   |b Yayasan Warisan Johor ,   |c 2003 
541 |c Donation book   |f DO Mersing 
650 0 |a Authors,malay   |z Malaysia   |x Biography 
700 1 |a Talib Samat ,   |e (editor) 
710 1 |a Yayasan Warisan Johor 
999 |a 0001026969   |b Book   |c REFERENCE   |e Perbadanan Perpustakaan Awam Johor 
999 |a 0001816045   |b Book   |c Adult Collection   |e Perbadanan Perpustakaan Awam Johor